| 000 | 00837nam a2200241 a 4500 | ||
|---|---|---|---|
| 001 | BRCA_6269 | ||
| 005 | 20190320205407.0 | ||
| 008 | 290711s1995----mx-a######---#000-0#spa-# | ||
| 020 | _a9687663006 | ||
| 041 | _aspa | ||
| 044 | _amx | ||
| 050 | 4 |
_aN7914 _b.A76 1995 |
|
| 100 | 1 |
_aArmella de Aspe, Virginia _92324 |
|
| 245 | 1 | 0 |
_aTestimonios artísticos de la evangelización _cVirginia Armella de Aspe ; prólogo Guillermo Tovar de Teresa. |
| 260 |
_aMéxico _bGrupo GUTSA _c1995 |
||
| 300 |
_a165 p. _bil. a color _c29 cm. |
||
| 504 | _aBibliografía: p. 161-165 | ||
| 650 | 1 | 4 |
_aArte cristiano y simbolismo _yPeriodo moderno, 1500- _zMéxico _94024 |
| 650 | 1 | 4 |
_aCristianismo y arte _xIglesia católica _zMéxico _915731 |
| 650 | 1 | 4 |
_aArte colonial _zMéxico _915732 |
| 700 | 1 |
_aTovar de Teresa, Guillermo _d1956- _9559 |
|
| 942 |
_2lcc _cB |
||
| 999 |
_c5956 _d5956 |
||